Équipement d'escrime sur une "carte". - Statistiques

Statistiques générales
  • Ce quiz a été pris 865 fois
  • Le résultat moyen est 6 sur 9
Réponses sur la Carte
Les réponses sont colorées sur une échelle allant du rouge au vert en fonction du pourcentage des utilisateurs qui les ont devinées à leur premier essai. Vous pouvez retrouver ces pourcentages ci-dessous.
 
Statistiques - réponses
Équipement % Correct
Épée
98%
Sabre
97%
Fleuret
96%
Gant
85%
Masque
73%
Culotte d'escrime
54%
Chaussettes d'escrime
50%
Veste
46%
Cuirasse électrique
43%
Aucun quiz correspondant
Distribution des résultats
% des personnes avec chaque résultat
Percentile par nombre de réponses
Votre historique - résultats
Vous n’avez pas pris ce quiz